Stretnutie s Čajkovským

Bibliographic Details
Main Authors: Zahradníková, Gabriela, 1946- (Author), Groš, Martin (Author)
Format: Article
Language:Slovak
PhysicalDescription:Obr. 1.
Subjects:

MARC

LEADER 00000nab a2200000 a 4500
001 vtls000102763
003 SK-MaSNL
005 20260304215532.0
008 111104c1981 xo 0 slo
015 |a SNBRB19rr/mm-uuuuu 
035 |a CL0112866 
040 |a SNKBUCL  |b slo  |c SNKBUCL  |e AACR2 
041 0 |a slo 
044 |a xo  |c SK 
080 |a 792.8  |2 1981 
100 1 |a Zahradníková, Gabriela,  |d 1946-  |4 aut  |9 136964 
245 1 0 |a Stretnutie s Čajkovským  |c Gabriela Záhradníková, Martin Groš 
300 |b Obr. 1. 
650 0 7 |a Zahradníková, Gabriela,  |d 1946-  |2 snkbucl  |9 1330310 
655 7 |a články z novín a časopisov  |2 snkbucl  |9 267496 
700 1 |a Groš, Martin  |4 aut  |9 648271 
773 0 |t Smena  |g Roč. 34, č. 280 (26. 11. 1981), s. 1 
850 |a Slovenská národná knižnica v Martine  |a MTA001 
852 |a SNK  |b KIS3GCP 
958 |a RK 
992 |a RBX 
999 |c 3146830  |d 3148760